[Event "TCh-FRA Top 16 Basse 2023"]
[Site "Chartres FRA"]
[Date "2023.06.09"]
[Round "2.4"]
[Board "5"]
[White "Chabanon, Jean-Luc"]
[Black "Jossien, Arnaud"]
[Result "1-0"]
[WhiteTitle "GM"]
[BlackTitle "FM"]
[WhiteElo "2435"]
[BlackElo "2268"]
[WhiteTeam "THF - St Quentin"]
[BlackTeam "Cappelle La Grande"]
[WhiteFideId "600075"]
[BlackFideId "605948"]
[EventDate "2023.06.08"]

1. d4 Nf6 2. c4 e6 3. Nf3 b6 4. g3 Bb7 5. Bg2 Bb4+ 6. Bd2 a5 7. Nc3 O-O 8. O-O
d5 9. cxd5 exd5 10. Rc1 Re8 11. Bf4 Ba6 12. Ne5 c6 13. a3 Bd6 14. Re1 Nh5 15. e3
Nxf4 16. gxf4 Ra7 17. Ne2 Rc7 18. Ng3 Bb7 19. Qb3 b5 20. Qd1 Nd7 21. Nf5 Bf8 22.
Qg4 g6 23. Ng3 b4 24. axb4 Bxb4 25. Red1 Nf6 26. Qg5 Be7 27. Nf5 Bf8 28. Rc2 Nh5
29. Qxd8 Rxd8 30. Ng3 f6 31. Nxh5 gxh5 32. Nd3 Rg7 33. Kh1 Bd6 34. Bf3 h4 35.
Rg1 Rxg1+ 36. Kxg1 Kf7 37. h3 Rg8+ 38. Kh2 Rb8 39. Be2 Ke7 40. Ne1 Bc8 41. Bg4
Ba6 42. Rxc6 Bc4 43. Ng2 Rxb2 44. Nxh4 Bb4 45. Rc8 a4 46. Nf5+ Kd7 47. Nh6+ Ke7
48. e4 Rxf2+ 49. Kg3 Be1 50. Nf5+ Kf7 51. Bh5+ Ke6 52. Ng7+ Kd7 53. Bg4+ f5 54.
Bxf5+ Ke7 55. Rc7+ Kf8 56. Ne6+ Ke8 57. Ng7+ Kf8 58. Ne6+ Ke8 59. Kg4 Rg2+ 60.
Kh5 a3 61. Ra7 a2 62. exd5 Bc3 63. Bxh7 a1=Q 64. Bg6+ Rxg6 65. Rxa1 Rg3 66. Ra7
Bb4 1-0

[Event "TCh-FRA Top 16 Basse 2023"]
[Site "Chartres FRA"]
[Date "2023.06.09"]
[Round "2.4"]
[Board "6"]
[White "Maugenest, Ghislain"]
[Black "Brochet, Philippe"]
[Result "1-0"]
[BlackTitle "IM"]
[WhiteElo "2212"]
[BlackElo "2399"]
[WhiteTeam "Cappelle La Grande"]
[BlackTeam "THF - St Quentin"]
[WhiteFideId "36029483"]
[BlackFideId "602469"]
[EventDate "2023.06.08"]

1. d4 Nc6 2. c4 e5 3. d5 Bb4+ 4. Nd2 Nce7 5. a3 Bxd2+ 6. Bxd2 d6 7. e4 f5 8.
exf5 Bxf5 9. Ne2 Nf6 10. Ng3 O-O 11. Be2 Qd7 12. O-O Ng6 13. f4 e4 14. Nxf5 Qxf5
15. g4 Qd7 16. f5 Ne5 17. Bc3 Qe7 18. Rf4 g5 19. fxg6 Nxg6 20. Rf5 Rae8 21. Qd4
Ne5 22. Raf1 Qg7 23. Kh1 h6 24. h3 b6 25. Qe3 Qg6 26. b4 b5 27. Qf4 Nh7 28. cxb5
Rxf5 29. gxf5 Qf6 30. Rg1+ Kf8 31. Rg6 Qh8 32. Qxh6+ Ke7 33. Rg7+ Nf7 34. Rxf7+ 1-0

[Event "TCh-FRA Top 16 Basse 2023"]
[Site "Chartres FRA"]
[Date "2023.06.09"]
[Round "2.4"]
[Board "7"]
[White "Housieaux, David"]
[Black "Jossien, Remy"]
[Result "1/2-1/2"]
[WhiteTitle "IM"]
[WhiteElo "2397"]
[BlackElo "2231"]
[WhiteTeam "THF - St Quentin"]
[BlackTeam "Cappelle La Grande"]
[WhiteFideId "617938"]
[BlackFideId "620238"]
[EventDate "2023.06.08"]

1. d4 d5 2. c4 e6 3. Nc3 Nf6 4. Bf4 c6 5. e3 g6 6. h3 Bg7 7. Nf3 O-O 8. Be2 Ne4
9. Nxe4 dxe4 10. Nd2 f5 11. c5 Nd7 12. Bd6 Re8 13. Qb3 Nf6 14. f3 exf3 15. Bxf3
Bf8 16. Bh2 Nd5 17. O-O-O b6 18. e4 fxe4 19. Nxe4 bxc5 20. dxc5 Qa5 21. Kb1 Bg7
22. Nd6 Rf8 23. Nc4 Qd8 24. Bd6 Rf7 25. Ne5 Rb7 26. Qc2 Qa5 27. Rd3 Nb4 28. Qc4
Nxd3 29. Qxd3 Bd7 30. Rc1 Be8 31. b3 Qa3 32. Rc2 Rd8 1/2-1/2

[Event "TCh-FRA Top 16 Basse 2023"]
[Site "Chartres FRA"]
[Date "2023.06.09"]
[Round "2.4"]
[Board "8"]
[White "Lam, Sophie"]
[Black "Monpeurt, Cyrielle"]
[Result "0-1"]
[BlackTitle "WFM"]
[WhiteElo "2076"]
[BlackElo "2147"]
[WhiteTeam "Cappelle La Grande"]
[BlackTeam "THF - St Quentin"]
[WhiteFideId "633704"]
[BlackFideId "677400"]
[EventDate "2023.06.08"]

1. e4 e5 2. Nf3 Nc6 3. Bc4 Bc5 4. d3 Nf6 5. O-O O-O 6. c3 d6 7. h3 a6 8. Re1 Ba7
9. Bb3 Be6 10. Bc2 d5 11. exd5 Nxd5 12. Nbd2 f6 13. d4 Qd7 14. Nb3 Bf5 15. Bxf5
Qxf5 16. Nh4 Qd7 17. c4 Nde7 18. d5 Nd4 19. Nxd4 Bxd4 20. Nf3 Ba7 21. Be3 Bxe3
22. Rxe3 b5 23. b3 Rab8 24. Qe2 Nf5 25. Rc3 Rfd8 26. Rac1 b4 27. Rd3 c5 28. Re1
Re8 29. Qd1 e4 30. g4 exd3 31. gxf5 Qxf5 32. Kg2 Re4 33. Re3 Rxe3 34. fxe3 Re8
35. Kf2 Qe4 36. Qd2 f5 37. Ne1 Qh4+ 38. Kg1 Qg3+ 39. Ng2 f4 0-1

[Event "TCh-FRA Top 16 Basse 2023"]
[Site "Chartres FRA"]
[Date "2023.06.10"]
[Round "3.1"]
[Board "1"]
[White "Piorun, Kacper"]
[Black "Santos Latasa, Jaime"]
[Result "1/2-1/2"]
[WhiteTitle "GM"]
[BlackTitle "GM"]
[WhiteElo "2597"]
[BlackElo "2653"]
[WhiteTeam "Tremblay en France"]
[BlackTeam "Marseille Echecs"]
[WhiteFideId "1130420"]
[BlackFideId "2293307"]
[EventDate "2023.06.08"]

1. e4 e5 2. Nf3 Nc6 3. Bb5 a6 4. Ba4 Bc5 5. c3 Nge7 6. d4 exd4 7. cxd4 Bb4+ 8.
Bd2 Bxd2+ 9. Qxd2 d5 10. exd5 Qxd5 11. Nc3 Qe6+ 12. Ne5 O-O 13. O-O Nxe5 14.
dxe5 Qxe5 15. Rfe1 Qf6 16. Ne4 Qg6 17. Bb3 Bf5 18. Ng3 Be6 19. Bxe6 1/2-1/2

[Event "TCh-FRA Top 16 Basse 2023"]
[Site "Chartres FRA"]
[Date "2023.06.10"]
[Round "3.1"]
[Board "3"]
[White "Shchekachev, Andrei"]
[Black "Laurent-Paoli, Pierre"]
[Result "1/2-1/2"]
[WhiteTitle "GM"]
[BlackTitle "IM"]
[WhiteElo "2508"]
[BlackElo "2552"]
[WhiteTeam "Tremblay en France"]
[BlackTeam "Marseille Echecs"]
[WhiteFideId "4107730"]
[BlackFideId "26017962"]
[EventDate "2023.06.08"]

1. Nf3 Nf6 2. c4 c5 3. Nc3 e6 4. g3 d5 5. cxd5 exd5 6. d4 Nc6 7. Bg2 cxd4 8.
Nxd4 Bc5 9. Nxc6 bxc6 10. O-O O-O 11. Qc2 Bb6 12. Na4 Bd7 13. b3 Re8 14. Bb2 h5
15. Nxb6 axb6 16. a4 h4 17. Rfd1 hxg3 18. hxg3 Ne4 19. Rd4 Qg5 20. Rad1 Qg6 21.
Rxe4 Red8 22. Bxg7 dxe4 23. Bd4 Bf5 24. Bxb6 e3 25. Rxd8+ Rxd8 26. Qc1 exf2+ 27.
Kxf2 Re8 28. Qxc6 Qxc6 29. Bxc6 Re6 30. Bd7 Rxb6 31. Bxf5 Rxb3 32. Bd3 Ra3 33.
Bb5 Kg7 34. Bd7 Kf6 35. Be8 Ke7 36. Bb5 Kd6 37. Be8 f6 38. Bb5 Ke5 39. Bd7 Kd4
40. Bc6 Rc3 41. Bb5 Rc5 42. Bd3 Ra5 43. Bb5 Ra7 44. Kf3 Ke5 1/2-1/2

[Event "TCh-FRA Top 16 Basse 2023"]
[Site "Chartres FRA"]
[Date "2023.06.10"]
[Round "3.1"]
[Board "4"]
[White "Kunin, Vitaly"]
[Black "Droin, Augustin"]
[Result "1/2-1/2"]
[WhiteTitle "GM"]
[BlackTitle "IM"]
[WhiteElo "2525"]
[BlackElo "2452"]
[WhiteTeam "Marseille Echecs"]
[BlackTeam "Tremblay en France"]
[WhiteFideId "4128737"]
[BlackFideId "45105987"]
[EventDate "2023.06.08"]

1. d4 Nf6 2. c4 e6 3. Bf4 Bb4+ 4. Nd2 d5 5. a3 Bd6 6. Bxd6 Qxd6 7. Ngf3 Nbd7 8.
cxd5 exd5 9. Qc2 a5 10. e3 O-O 11. Bd3 c5 12. dxc5 Nxc5 13. O-O Bd7 14. Nb3 Nxd3
15. Qxd3 Rfc8 16. Nbd4 a4 17. h3 Ne4 18. Rad1 Rc5 19. Rfe1 Qb6 20. Ne5 Bb5 21.
Qb1 Qf6 22. Ng4 Qe7 23. f3 Nd6 24. Nf2 g6 25. Rc1 Rxc1 26. Qxc1 Rc8 27. Qd1 Bd7
28. Nc2 Nc4 29. Nb4 Bc6 30. Qd4 Qe5 31. Qxe5 Nxe5 32. Rc1 Re8 33. f4 Nc4 34. e4
Ne3 35. e5 d4 36. Nxc6 bxc6 37. Nd3 Rb8 38. Kf2 Rb3 39. Ke2 Nxg2 40. Rxc6 Ne3
41. Ra6 Nc4 42. Rxa4 Nxb2 43. Rxd4 Nxd3 44. Rxd3 Rb2+ 45. Ke3 h5 46. Ke4 Kg7 47.
Kd5 h4 48. Ke4 Rf2 49. Rf3 Re2+ 50. Kd3 Rg2 51. Kc4 f6 52. a4 Rc2+ 53. Kb4 fxe5
54. fxe5 Rb2+ 55. Kc5 Ra2 56. Rf4 g5 57. Rg4 Kg6 58. Kd6 Ra3 59. e6 Kf6 60. Re4
Rd3+ 61. Kc6 Ke7 62. Re5 Rxh3 63. Rxg5 Kxe6 64. Rh5 Kf6 65. a5 Kg6 66. Rb5 Ra3
67. Kb6 h3 68. Rb2 Kg5 69. a6 Kg4 70. a7 Rxa7 71. Kxa7 Kg3 72. Kb6 h2 73. Rb1
Kg2 74. Kc5 h1=Q 75. Rxh1 Kxh1 1/2-1/2

[Event "TCh-FRA Top 16 Basse 2023"]
[Site "Chartres FRA"]
[Date "2023.06.10"]
[Round "3.1"]
[Board "5"]
[White "Vlachos, Anatole"]
[Black "Philippe, Guillaume"]
[Result "1-0"]
[WhiteTitle "IM"]
[BlackTitle "IM"]
[WhiteElo "2448"]
[BlackElo "2350"]
[WhiteTeam "Tremblay en France"]
[BlackTeam "Marseille Echecs"]
[WhiteFideId "26093189"]
[BlackFideId "36048763"]
[EventDate "2023.06.08"]

1. e4 d6 2. d4 Nf6 3. Nc3 g6 4. Nf3 Bg7 5. Be2 O-O 6. O-O a6 7. a4 Nc6 8. a5 e5
9. d5 Ne7 10. Nd2 Nd7 11. Na4 f5 12. f3 Bh6 13. c4 Be3+ 14. Kh1 f4 15. b4 g5 16.
c5 Rf6 17. Nc4 Bd4 18. Bb2 Bxb2 19. Naxb2 Rh6 20. cxd6 cxd6 21. Nd3 Rg6 22. Nf2
h5 23. Rc1 Kh8 24. Qc2 Ng8 25. h3 Nh6 26. Qc3 Rb8 27. Rc2 Qf6 28. Rfc1 Rg8 29.
Qa3 g4 30. fxg4 Qh4 31. Kg1 hxg4 32. hxg4 Qe7 33. b5 Nf7 34. bxa6 bxa6 35. Nb6
Nc5 36. Rxc5 dxc5 37. Rxc5 f3 38. Bxf3 Bd7 39. Qc3 Bb5 40. Rc7 Qf6 41. Nh3 Rbf8
42. Nc8 Re8 43. Na7 Nd6 44. g5 Qg6 45. Qe1 Rg7 46. Nxb5 axb5 47. Rc6 Rh7 48. Qe3
b4 49. Nf2 Rd8 50. Qb6 Rhd7 51. Bg4 Qxg5 52. Bxd7 Rxd7 53. Nh3 Qh6 54. a6 Rh7
55. a7 1-0

[Event "TCh-FRA Top 16 Basse 2023"]
[Site "Chartres FRA"]
[Date "2023.06.10"]
[Round "3.1"]
[Board "6"]
[White "Degraeve, Remy"]
[Black "Kuhn, Clement"]
[Result "1-0"]
[WhiteTitle "IM"]
[BlackTitle "FM"]
[WhiteElo "2445"]
[BlackElo "2313"]
[WhiteTeam "Marseille Echecs"]
[BlackTeam "Tremblay en France"]
[WhiteFideId "26024560"]
[BlackFideId "36099775"]
[EventDate "2023.06.08"]

1. e4 e6 2. d4 d5 3. Nc3 Nf6 4. Bg5 dxe4 5. Nxe4 Be7 6. Nxf6+ Bxf6 7. Bxf6 Qxf6
8. Nf3 O-O 9. Qd3 c5 10. O-O-O Rd8 11. Qe4 Nc6 12. Bd3 Qh6+ 13. Kb1 f5 14. Qe2
cxd4 15. Rhe1 Qf6 16. Bc4 Rd6 17. c3 Bd7 18. Nxd4 Nxd4 19. Rxd4 Rxd4 20. cxd4
Re8 21. Qd2 Bc6 22. d5 Qd8 23. d6 Bd7 24. Re5 Qc8 25. Qd4 Kf8 26. a3 b6 27. g4
Qd8 28. gxf5 Qf6 29. fxe6 Bxe6 30. Bxe6 Rxe6 31. d7 1-0

[Event "TCh-FRA Top 16 Basse 2023"]
[Site "Chartres FRA"]
[Date "2023.06.10"]
[Round "3.1"]
[Board "7"]
[White "Mekhane, Adam"]
[Black "Girel, Joseph"]
[Result "0-1"]
[WhiteTitle "FM"]
[BlackTitle "IM"]
[WhiteElo "2254"]
[BlackElo "2413"]
[WhiteTeam "Tremblay en France"]
[BlackTeam "Marseille Echecs"]
[WhiteFideId "36050601"]
[BlackFideId "36033561"]
[EventDate "2023.06.08"]

1. e4 e6 2. d4 d5 3. Nd2 c5 4. exd5 Qxd5 5. dxc5 Nf6 6. Nb3 Qxd1+ 7. Kxd1 e5 8.
Nf3 Bg4 9. Bb5+ Nc6 10. Ke1 O-O-O 11. Bxc6 bxc6 12. Bg5 h6 13. Bxf6 gxf6 14.
Nfd2 Bf5 15. Rc1 Rg8 16. g3 Rg4 17. f3 Ra4 18. a3 h5 19. c4 Rd3 20. Ke2 Bh6 21.
Rhd1 Kc7 22. Rf1 Bg6 23. h3 Bf5 24. g4 Bg6 25. Rfd1 Re3+ 26. Kf2 f5 27. gxf5
Bxf5 28. Re1 Rd3 29. Rxe5 Bxd2 30. Nxd2 Rxd2+ 31. Ke3 Rd3+ 32. Ke2 Bg6 33. Re7+
Kd8 34. Rxf7 Rb3 35. Rd1+ Ke8 36. Rc7 Rxb2+ 37. Ke3 Rxa3+ 38. Kf4 Rd3 39. Rg1
Bf7 40. Rg7 Rf2 41. Rxc6 Rdxf3+ 42. Ke4 Rf4+ 43. Ke5 Rf5+ 44. Kd6 Kd8 0-1

[Event "TCh-FRA Top 16 Basse 2023"]
[Site "Chartres FRA"]
[Date "2023.06.10"]
[Round "3.1"]
[Board "8"]
[White "Delorme, Laurie"]
[Black "Hernandez, Lara"]
[Result "1-0"]
[WhiteTitle "WIM"]
[WhiteElo "2086"]
[BlackElo "1947"]
[WhiteTeam "Marseille Echecs"]
[BlackTeam "Tremblay en France"]
[WhiteFideId "630829"]
[BlackFideId "26022028"]
[EventDate "2023.06.08"]

1. d4 e6 2. c4 f5 3. Nf3 Nf6 4. Nc3 Bb4 5. Bd2 O-O 6. g3 d6 7. Bg2 Bxc3 8. Bxc3
Ne4 9. Qc2 Nd7 10. O-O a5 11. Nd2 Nxc3 12. Qxc3 e5 13. c5 e4 14. c6 Nb6 15. Rfc1
Rf7 16. Nb3 Nd5 17. cxb7 Bxb7 18. Qe1 c6 19. Rab1 Qb6 20. Qd1 a4 21. Nd2 Qxd4
22. Nc4 Qf6 23. Qd2 Qd8 24. f3 Qe7 25. fxe4 fxe4 26. Qd4 e3 27. Rf1 Raf8 28. Qe4
Rxf1+ 29. Rxf1 Rxf1+ 30. Kxf1 Qf6+ 31. Bf3 Kf7 32. Nxe3 Nxe3+ 33. Qxe3 Qxb2 34.
Qf4+ Ke7 35. Qxa4 Qc1+ 36. Kg2 h6 37. Qa7 Qb2 38. a4 Kd8 39. Qb8+ Ke7 40. a5 Qb5
41. Qc7+ Ke6 42. Qxg7 Ba6 43. Qxh6+ Ke7 44. Qg7+ Kd8 45. Qf8+ Kd7 46. Bg4+ 1-0

[Event "TCh-FRA Top 16 Basse 2023"]
[Site "Chartres FRA"]
[Date "2023.06.10"]
[Round "3.2"]
[Board "1"]
[White "Donchenko, Alexander"]
[Black "Kulaots, Kaido"]
[Result "1-0"]
[WhiteTitle "GM"]
[BlackTitle "GM"]
[WhiteElo "2667"]
[BlackElo "2509"]
[WhiteTeam "Vandoeuvre Echecs"]
[BlackTeam "THF - St Quentin"]
[WhiteFideId "24603295"]
[BlackFideId "4500261"]
[EventDate "2023.06.08"]

1. Nf3 Nf6 2. c4 e6 3. Nc3 d5 4. e3 dxc4 5. Bxc4 a6 6. d4 b5 7. Bb3 Bb7 8. O-O
c5 9. e4 cxd4 10. Nxd4 Nc6 11. Nxc6 Bxc6 12. Qe2 Be7 13. Rd1 Qc7 14. Bg5 Rd8 15.
e5 Rxd1+ 16. Rxd1 Nd7 17. Bxe7 Kxe7 18. Qh5 Rc8 19. Ne2 h6 20. Ng3 Nxe5 21. Re1
Nd7 22. Nf5+ Kf8 23. Qh4 Re8 24. Qb4+ Kg8 25. Qd4 Nf6 26. Nxh6+ Kf8 27. Rc1 Rd8
28. Qh4 Qe5 29. Ng4 Qe4 30. f3 Qd4+ 31. Qf2 Qxf2+ 32. Nxf2 Bd5 33. Bxd5 Rxd5 34.
Rc2 Ke7 35. Kf1 Nd7 36. Ke2 Re5+ 37. Kd2 Rd5+ 38. Ke2 Re5+ 39. Kd2 Rd5+ 40. Kc1
e5 41. g4 Nc5 42. Rd2 Ke6 43. b4 Nd7 44. Ne4 Rd4 45. Ng5+ Ke7 46. a3 Rxd2 47.
Kxd2 Nb6 48. Ne4 Nc4+ 49. Kd3 Nxa3 50. Nc5 Kd6 51. Nxa6 Nc4 52. Nc5 Kd5 53. Ne4
Nd6 54. Nxd6 Kxd6 55. Ke4 Ke6 56. f4 exf4 57. Kxf4 Kd5 58. h4 Kc4 59. h5 f6 60.
Kf5 Kxb4 61. Kg6 Kc4 62. Kxg7 b4 63. h6 b3 64. h7 b2 65. h8=Q b1=Q 66. Qc8+ Kd4
67. Kxf6 Qb6+ 68. Qe6 Qd8+ 69. Kg6 Kd3 70. g5 Kc2 71. Qf5+ Kc1 72. Qf6 Qd7 73.
Kh6 Qh3+ 74. Kg7 Qd7+ 75. Qf7 Qd4+ 76. Kh6 Qd2 77. Qf5 Qh2+ 78. Kg6 Qd6+ 79. Qf6
Qd3+ 80. Kf7 Qd7+ 81. Kf8 Qc8+ 82. Ke7 Qc7+ 83. Ke6 Qc6+ 84. Ke5 Qc5+ 85. Ke4
Qc2+ 86. Kf3 Qd3+ 87. Kg4 Qd1+ 88. Qf3 Qg1+ 89. Kf4 Qd4+ 90. Qe4 Qd6+ 91. Qe5
Qb4+ 92. Kf3 Qb7+ 93. Qe4 Qd7 94. Kg3 Kb2 95. g6 Ka2 96. Qe2+ Ka3 97. Qf3+ Kb2
98. Qf6+ Kb1 99. g7 Qd3+ 100. Kf4 Qd2+ 101. Kf5 Qd3+ 102. Kg5 Qg3+ 103. Kh6 Qe3+
104. Qg5 Qh3+ 105. Kg6 Qe6+ 106. Kh7 Qh3+ 107. Qh6 Qd7 108. Qg6+ Kb2 109. Qf6+
Ka2 110. Qf2+ Kb1 111. Qe1+ Ka2 112. Qe2+ Ka3 113. Qe3+ Ka2 114. Kh8 1-0

[Event "TCh-FRA Top 16 Basse 2023"]
[Site "Chartres FRA"]
[Date "2023.06.10"]
[Round "3.2"]
[Board "2"]
[White "Cheng, Bobby"]
[Black "Hamitevici, Vladimir"]
[Result "1-0"]
[WhiteTitle "GM"]
[BlackTitle "GM"]
[WhiteElo "2560"]
[BlackElo "2493"]
[WhiteTeam "THF - St Quentin"]
[BlackTeam "Vandoeuvre Echecs"]
[WhiteFideId "4300033"]
[BlackFideId "13902393"]
[EventDate "2023.06.08"]

1. d4 d5 2. c4 e6 3. Nf3 Nf6 4. g3 Be7 5. Bg2 O-O 6. b3 dxc4 7. bxc4 c5 8. O-O
Nc6 9. e3 cxd4 10. exd4 Qa5 11. Bb2 Rd8 12. Nbd2 Bd7 13. Qe2 Be8 14. Nb3 Qc7 15.
Rac1 Rac8 16. Rfe1 h6 17. Nh4 Bb4 18. d5 Bxe1 19. dxc6 Bxc6 20. Qxe1 Bxg2 21.
Nxg2 Qc6 22. Nd2 Ne8 23. Nf4 Qa4 24. Qe3 Qa5 25. Bc3 Qa3 26. Re1 a6 27. Nh5 b5
28. Nxg7 Nxg7 29. Qe5 f6 30. Qxf6 Qf8 31. Qxh6 b4 32. Bb2 Rc5 33. Ne4 Rf5 34.
Ng5 Rxg5 35. Qxg5 Rd7 36. Rxe6 Qf3 37. Rd6 1-0

[Event "TCh-FRA Top 16 Basse 2023"]
[Site "Chartres FRA"]
[Date "2023.06.10"]
[Round "3.2"]
[Board "3"]
[White "Solodovnichenko, Yuri"]
[Black "Marcelin, Cyril"]
[Result "1-0"]
[WhiteTitle "GM"]
[BlackTitle "GM"]
[WhiteElo "2503"]
[BlackElo "2443"]
[WhiteTeam "Vandoeuvre Echecs"]
[BlackTeam "THF - St Quentin"]
[WhiteFideId "14104369"]
[BlackFideId "607274"]
[EventDate "2023.06.08"]

1. e4 c5 2. Nf3 Nc6 3. Bb5 e6 4. O-O Nge7 5. d4 cxd4 6. Nxd4 Ng6 7. Be3 Be7 8.
c3 O-O 9. Nd2 Nxd4 10. cxd4 d5 11. e5 Bd7 12. Bd3 Qb6 13. Qb3 Qxb3 14. Nxb3 Ba4
15. f4 Bxb3 16. axb3 Bd8 17. f5 exf5 18. Bxf5 Bb6 19. Rae1 Ne7 20. Bd7 Nc6 21.
e6 fxe6 22. Bxe6+ Kh8 23. Bxd5 Nxd4 24. Bxb7 Rxf1+ 25. Rxf1 Re8 26. Kh1 Nxb3 27.
Bc6 Rc8 28. Bd7 Rb8 29. Bf4 Rf8 30. Re1 Ba5 31. Re8 Rxe8 32. Bxe8 Bb6 33. Bf7
Nc5 34. Bc4 Ne4 35. g3 Nf2+ 36. Kg2 Nd1 37. b3 Ne3+ 38. Kf3 Nxc4 39. bxc4 Kg8
40. Ke4 Kf7 41. Kd5 Bg1 42. h3 a5 43. Kc6 a4 44. Bc1 h5 45. Kb5 Bf2 46. g4 hxg4
47. hxg4 Ke6 48. Kxa4 1-0

[Event "TCh-FRA Top 16 Basse 2023"]
[Site "Chartres FRA"]
[Date "2023.06.10"]
[Round "3.2"]
[Board "4"]
[White "Dionisi, Thomas"]
[Black "Brunner, Nicolas"]
[Result "1/2-1/2"]
[WhiteTitle "IM"]
[BlackTitle "IM"]
[WhiteElo "2395"]
[BlackElo "2424"]
[WhiteTeam "THF - St Quentin"]
[BlackTeam "Vandoeuvre Echecs"]
[WhiteFideId "651893"]
[BlackFideId "620246"]
[EventDate "2023.06.08"]

1. e4 c5 2. Nf3 d6 3. d4 cxd4 4. Nxd4 Nf6 5. Nc3 a6 6. Be2 e5 7. Nb3 Be7 8. O-O
O-O 9. Be3 Be6 10. Qd2 Nbd7 11. a4 Nb6 12. a5 Nc4 13. Bxc4 Bxc4 14. Rfd1 Rc8 15.
Nc1 d5 16. Bb6 Qe8 17. exd5 Bb4 18. d6 Qd7 19. Nd3 Bxd6 20. Nxe5 Bxe5 21. Qxd7
Nxd7 22. Rxd7 Bxc3 23. bxc3 Bb5 24. Rxb7 Rxc3 25. Rc7 1/2-1/2

[Event "TCh-FRA Top 16 Basse 2023"]
[Site "Chartres FRA"]
[Date "2023.06.10"]
[Round "3.2"]
[Board "5"]
[White "Savina, Anastasia"]
[Black "Housieaux, David"]
[Result "0-1"]
[WhiteTitle "IM"]
[BlackTitle "IM"]
[WhiteElo "2341"]
[BlackElo "2397"]
[WhiteTeam "Vandoeuvre Echecs"]
[BlackTeam "THF - St Quentin"]
[WhiteFideId "4196872"]
[BlackFideId "617938"]
[EventDate "2023.06.08"]

1. d4 e6 2. c4 f5 3. g3 Nf6 4. Bg2 c6 5. Qc2 d5 6. Nh3 Bd6 7. O-O O-O 8. Bf4 Be7
9. Nc3 h6 10. Rad1 Nbd7 11. f3 dxc4 12. Bc1 e5 13. Kh1 exd4 14. Rxd4 Qa5 15.
Rxc4 Nb6 16. Rd4 Nbd5 17. Nf4 Nxf4 18. gxf4 Be6 19. Bh3 Nd5 20. Nxd5 Bxd5 21. b3
Qc5 22. Qd1 Bf6 23. Rd3 Rfe8 24. Qd2 Rad8 25. Bb2 Qe7 26. Bxf6 Qxf6 27. Qc2 g6
28. Rg1 Kh7 29. Bf1 Qh4 30. Qc1 Bf7 31. e4 fxe4 32. fxe4 Rxe4 33. Rxd8 Qxd8 34.
Bg2 Bd5 35. Rd1 Qh4 36. Qc3 Re2 37. Rg1 Rxg2 38. Rxg2 Qf2 0-1

[Event "TCh-FRA Top 16 Basse 2023"]
[Site "Chartres FRA"]
[Date "2023.06.10"]
[Round "3.2"]
[Board "6"]
[White "Chabanon, Jean-Luc"]
[Black "Philippe, Christophe"]
[Result "1-0"]
[WhiteTitle "GM"]
[BlackTitle "IM"]
[WhiteElo "2435"]
[BlackElo "2347"]
[WhiteTeam "THF - St Quentin"]
[BlackTeam "Vandoeuvre Echecs"]
[WhiteFideId "600075"]
[BlackFideId "610038"]
[EventDate "2023.06.08"]

1. d4 Nf6 2. Nf3 e6 3. c4 b6 4. e3 Bb7 5. Nc3 Bb4 6. Bd3 Ne4 7. O-O Bxc3 8. bxc3
f5 9. Ne1 O-O 10. f3 Nf6 11. Qe2 Nc6 12. e4 fxe4 13. fxe4 e5 14. Nf3 d6 15. c5
bxc5 16. dxc5 Qe8 17. cxd6 cxd6 18. Ba3 Rd8 19. Rad1 Kh8 20. Bc4 Nh5 21. g3 Rf6
22. Ng5 Rd7 23. Rxd6 Rdxd6 24. Bxd6 Nd8 25. Bc7 h6 26. Bxd8 Rxf1+ 27. Kxf1 hxg5
28. Bxg5 Qg6 29. Qd2 Nf6 30. Qd8+ Ne8 31. Qe7 Nf6 32. Bxf6 Qxf6+ 33. Qxf6 gxf6
34. Bd5 Ba6+ 35. c4 Kg7 36. g4 Kg6 37. Kf2 1-0

[Event "TCh-FRA Top 16 Basse 2023"]
[Site "Chartres FRA"]
[Date "2023.06.10"]
[Round "3.2"]
[Board "7"]
[White "Nezar, Mustapha"]
[Black "Brochet, Philippe"]
[Result "0-1"]
[WhiteTitle "IM"]
[BlackTitle "IM"]
[WhiteElo "2356"]
[BlackElo "2399"]
[WhiteTeam "Vandoeuvre Echecs"]
[BlackTeam "THF - St Quentin"]
[WhiteFideId "608637"]
[BlackFideId "602469"]
[EventDate "2023.06.08"]

1. c4 e5 2. Nc3 Nf6 3. g3 Bb4 4. Bg2 O-O 5. Nf3 Re8 6. O-O d6 7. d3 h6 8. Bd2 a5
9. a3 Bc5 10. Ne1 c6 11. Na4 Ba7 12. Nc2 d5 13. c5 Na6 14. b4 Bf5 15. Ne3 Be6
16. Qc2 Qe7 17. Qb2 d4 18. Nc4 Bxc4 19. dxc4 axb4 20. axb4 Rad8 21. Rfd1 Qe6 22.
Qb3 e4 23. Be1 Ng4 24. Bh3 f5 25. Bxg4 fxg4 26. Nb2 Bb8 27. Na4 Qf5 28. Qc2 Nc7
29. Ra3 Ne6 30. Bd2 d3 31. exd3 Nd4 32. Qb1 Nf3+ 33. Kg2 Qh5 34. h4 gxh3+ 35.
Kf1 Nxd2+ 36. Rxd2 Qf3 0-1

[Event "TCh-FRA Top 16 Basse 2023"]
[Site "Chartres FRA"]
[Date "2023.06.10"]
[Round "3.2"]
[Board "8"]
[White "Monpeurt, Cyrielle"]
[Black "Decuigniere, Tom"]
[Result "0-1"]
[WhiteTitle "WFM"]
[BlackTitle "FM"]
[WhiteElo "2147"]
[BlackElo "2375"]
[WhiteTeam "THF - St Quentin"]
[BlackTeam "Vandoeuvre Echecs"]
[WhiteFideId "677400"]
[BlackFideId "26093820"]
[EventDate "2023.06.08"]

1. e4 c6 2. d4 d5 3. Nc3 dxe4 4. Nxe4 Bf5 5. Ng3 Bg6 6. h4 h6 7. Nh3 Nf6 8. Nf4
Bh7 9. Bc4 e6 10. O-O Bd6 11. Re1 O-O 12. Ngh5 Nxh5 13. Nxh5 Bg6 14. g3 Qa5 15.
Nf4 Bxc2 16. Qe2 Bf5 17. Bd2 Qd8 18. Qe3 Nd7 19. f3 e5 20. Nh5 exd4 21. Qb3 Qb6
22. Kg2 Qxb3 23. Bxb3 Nc5 24. Bc4 Rfe8 25. Rxe8+ Rxe8 26. Bxh6 gxh6 27. Nf6+ Kf8
28. Nxe8 Kxe8 29. g4 Be6 30. Bf1 Bd5 31. Rd1 Ne6 32. b3 Kd7 33. Kf2 Bf4 34. Bd3
Kd6 35. g5 hxg5 36. h5 Be5 37. h6 Nf4 38. Bf5 Be6 39. Bc2 c5 40. h7 b5 41. Rh1
Bh8 42. a4 bxa4 43. bxa4 d3 44. Bb1 c4 45. Ke3 Kc5 0-1

[Event "TCh-FRA Top 16 Basse 2023"]
[Site "Chartres FRA"]
[Date "2023.06.10"]
[Round "3.3"]
[Board "1"]
[White "Baklan, Vladimir"]
[Black "Picard, Romain"]
[Result "1-0"]
[WhiteTitle "GM"]
[BlackTitle "IM"]
[WhiteElo "2544"]
[BlackElo "2301"]
[WhiteTeam "C.E.Strasbourg"]
[BlackTeam "Poitiers-Migne Echecs"]
[WhiteFideId "14102196"]
[BlackFideId "627216"]
[EventDate "2023.06.08"]

1. e4 e6 2. d4 d5 3. Nd2 c5 4. Ngf3 cxd4 5. exd5 Qxd5 6. Bc4 Qd6 7. O-O Nf6 8.
Nb3 Nc6 9. Nbxd4 Nxd4 10. Nxd4 Be7 11. c3 O-O 12. Re1 Bd7 13. Qe2 Rac8 14. Bb3
Rc5 15. Be3 Rh5 16. h3 Qc7 17. Rad1 Bc5 18. Nf3 Bb5 19. c4 Bxe3 20. Qxe3 Bxc4
21. Rc1 b5 22. Ne5 Rh4 23. g4 Nd5 24. Qg3 g5 25. Nxc4 bxc4 26. Qxc7 Nxc7 27.
Bxc4 Rb8 28. b3 Kg7 29. Re5 Kf6 30. Ra5 Rb7 31. Kg2 Rh6 32. f4 Rg6 33. fxg5+ Ke7
34. Bd3 Rg7 35. Be4 Nd5 36. Bxd5 exd5 37. Rxd5 1-0